00460 2200181 4500001002100000005001500021008004100036020002200077035001900099041000700118082001000125090001600135100001900151245003000170260002300200300003300223650002200256INLIS00000000000214220241224112501241224||||||||| | ||| |||| || |  a978-979-041-143-2 0010-1224002142 aid0 a611.3 a611.3 DED p0 aDedi Iswantara00aOrgan Tubuh Makhluk Hidup bGaneca Exactc2008 aiv, 36 hlm. : ilus, ; 27 cm. 0aIlmu Keterampilan